000 00545nam a2200181Ia 4500
001 24278
005 20260414151032.0
008 260414t2014||||xx |||||||||||||| ||spa||
041 _aESP
082 _a345.2
_bM63
100 _aMiranda Aburto, Elder Jaime
_eAUT
245 0 _aPrisión preventiva, comparecencia restringida y arresto domiciliario :
_ben la jurisprudencia del Tribunal Constitucional y la Corte Suprema
260 _c2014
300 _a422 páginas :
_c24 cm.
650 _aDER
654 _aCDE
942 _cLIB
_dJUS
_fJUS
_2ddc
_n
999 _c24278
_d24278